<?xml version="1.0" encoding="UTF-8"?>
<collection xmlns="http://www.loc.gov/MARC21/slim">
 <record>
  <leader>01635nam a2200229Ia 4500</leader>
  <controlfield tag="001">TDMU_21819</controlfield>
  <controlfield tag="008">210410s9999    xx            000 0 und d</controlfield>
  <datafield tag="082" ind1=" " ind2=" ">
   <subfield code="a">621.31078</subfield>
  </datafield>
  <datafield tag="090" ind1=" " ind2=" ">
   <subfield code="b">H450</subfield>
  </datafield>
  <datafield tag="100" ind1=" " ind2=" ">
   <subfield code="a">Hồ, Văn Nhật Chương</subfield>
  </datafield>
  <datafield tag="245" ind1=" " ind2="0">
   <subfield code="a">Hướng dẫn thí nghiệm vật liệu điện - điện tử</subfield>
  </datafield>
  <datafield tag="245" ind1=" " ind2="0">
   <subfield code="c">Hồ Văn Nhật Chương</subfield>
  </datafield>
  <datafield tag="245" ind1=" " ind2="0">
   <subfield code="n">T. 1</subfield>
  </datafield>
  <datafield tag="260" ind1=" " ind2=" ">
   <subfield code="a">Tp. Hồ Chí Minh</subfield>
  </datafield>
  <datafield tag="260" ind1=" " ind2=" ">
   <subfield code="b">Đại học Quốc gia Tp. Hồ Chí Minh</subfield>
  </datafield>
  <datafield tag="260" ind1=" " ind2=" ">
   <subfield code="c">2001</subfield>
  </datafield>
  <datafield tag="300" ind1=" " ind2=" ">
   <subfield code="a">71 tr.</subfield>
  </datafield>
  <datafield tag="520" ind1=" " ind2=" ">
   <subfield code="g">Chương 1.</subfield>
   <subfield code="t">Mở đầu --</subfield>
   <subfield code="g">Chương 2.</subfield>
   <subfield code="t">Phóng điện trong chất khí ở điện áp xoay chiều tần số công nghiệp --</subfield>
   <subfield code="g">Chương 3.</subfield>
   <subfield code="t">Phóng điện trong chất lỏng ở điện áp xoay chiều tần số công nghiệp --</subfield>
   <subfield code="g">Chương 4.</subfield>
   <subfield code="t">Xác định cường độ cách điện của điện môi rắn ở điện áp xoay chiều tần số công nghiệp --</subfield>
   <subfield code="g">Chương 5.</subfield>
   <subfield code="t">Đo điện trở và điện trở suất của điện môi rắn --</subfield>
   <subfield code="g">Chương 6.</subfield>
   <subfield code="t">Đo tổn hao điện môi và điện dung của vật liệu cách điện ở điện áp xoay chiều tần số công nghiệp</subfield>
  </datafield>
  <datafield tag="650" ind1=" " ind2=" ">
   <subfield code="a">Điện tử học; Điện tử</subfield>
   <subfield code="v">Hướng dẫn thí nghiệm; Vật liệu điện</subfield>
  </datafield>
  <datafield tag="700" ind1=" " ind2=" ">
   <subfield code="a">Đại học Quốc gia Thành phố Hồ Chí Minh</subfield>
  </datafield>
  <datafield tag="856" ind1=" " ind2=" ">
   <subfield code="u">http://lrc.tdmu.edu.vn/opac/search/detail.asp?aID=2&amp;ID=21819</subfield>
  </datafield>
  <datafield tag="980" ind1=" " ind2=" ">
   <subfield code="a">Trung tâm Học liệu Trường Đại học Thủ Dầu Một</subfield>
  </datafield>
 </record>
</collection>
